000
00235nam a22000977a 4500
008
191007b ||||| |||| 00| 0 eng d
040
_c
DLC
100
_a
Muhammad Ghazali
_9
26362
245
_a
Ahya ul Uloom / (Jild-1)
942
_2
ddc
_c
BK
999
_c
532774
_d
532774